000 01852nam a2200481 i 4500
001 20232
003 CZ PrNK
005 20260120100437.0
007 ta
008 971121s1963 xr a g f 001 0 cze
015 _acnb000129399
020 _q(Vázáno) :
_cKčs 26,50
035 _a(OCoLC)42111002
040 _aABA001
_bcze
_cOSA001
_dABA001
_erda
043 _ae-xr---
072 7 _a58
_xBotanika
_2Konspekt
080 _a581.9(23.0)
_2MRF
080 _a581.9
_2MRF
080 _a(437.3)
_2MRF
080 _a(084.42)
_2MRF
100 1 _aSvolinský, Karel,
_d1896-1986
_4ill
245 1 0 _aHorské rostliny /
_csestavil Frant. A. Novák ; nakreslil Karel Svolinský
250 _aVydání 3. (v NČSAV I.)
264 1 _aPraha :
_bNakladatelství Československé akademie věd,
_c1963
300 _a115, xxiv stran :
_bbarevné ilustrace ;
_c22 cm
336 _atext
_btxt
_2rdacontent
336 _astatický obraz
_bsti
_2rdacontent
337 _abez média
_bn
_2rdamedia
338 _asvazek
_bnc
_2rdacarrier
500 _a23900 výtisků
500 _aObsahuje rejstříky
520 _aJádro knihy, určené nejširší veřejnosti, tvoří 115 barevných, zčásti zmenšených obrázků našich horských a vysokohorských rostlin. Text uvádí český a latinský název, zeměpisnou oblast, vertikální rozšíření, podklad a údaje o rozkvétání.
650 0 7 _ahorské rostliny
_zČesko
_2czenas
650 0 7 _aflóra
_zČesko
_2czenas
650 0 9 _amountain plants
_zCzechia
_2eczenas
650 0 9 _aflora
_zCzechia
_2eczenas
655 7 _aatlasy
_2czenas
655 9 _aatlases
_2eczenas
700 1 _aNovák, František Antonín,
_d1892-1964
_4com
856 4 1 _uhttp://krameriusndk.nkp.cz/search/handle/uuid:d0991be0-4060-11e3-9c86-005056827e51
_yDigitalizovaný dokument
910 _aABA001
942 _2ddc
_cOLDO
_n0
999 _c20232
_d20232